Fußballmannschaften von Marko Arnautovic - Statistiken

Allgemein
  • Dieses Quiz wurde 57 mal gespielt
  • Das Durchschnittsergebnis liegt bei 5 aus 10
Antwortstatistiken
Spiele Tore Vorlagen Antwort % Korrekt
65 14 5 Inter Mailand
94%
1 1 0 Inter Mailand U20
94%
84 16 13 SV Werder Bremen
91%
58 25 2 FC Bologna
51%
65 22 12 West Ham United
45%
145 26 28 Stoke City
43%
0* 0* 0* Roter Stern Belgrad
38%
39 20 4 Shanghai Port
26%
59 14 10 FC Twente Enschede
19%
19 5 0 Floridsdorfer AC
8%
Keine übereinstimmenden Quizze gefunden
Verteilung der Resultate
Anzahl Personen mit jedem Resultat
Perzentil nach korrekt beantworteten Fragen
Ihre Resultats-Entwicklung
Sie haben dieses Quiz noch nicht gespielt